Microsoft SharePoint Foundation 2010 inside out / (Record no. 64389)

MARC details
000 -LEADER
fixed length control field 01998nam a22003377a 4500
005 - DATE AND TIME OF LATEST TRANSACTION
control field 20120326143637.0
010 ## - LCCN (DPL NO)
LC control number ENG-104885 B-490259-262
020 ## - INTERNATIONAL STANDARD BOOK NUMBER
International Standard Book Number 9788120344914
Terms of availability 795.00
035 ## - SYSTEM CONTROL NUMBER
System control number EN-88418 B-490259-262
037 ## - SOURCE OF ACQUISITION
Source of stock number/acquisition DBAD/PUB
037 ## - SOURCE OF ACQUISITION
Source of stock number/acquisition Prabhat Prakashan/Ven
082 ## - DEWEY DECIMAL CLASSIFICATION NUMBER
Classification number 004.682
245 ## - TITLE STATEMENT
Title Microsoft SharePoint Foundation 2010 inside out /
Statement of responsibility, etc by Errin O’Connor ... [et al]
246 ## - VARYING FORM OF TITLE
Title proper/short title SharePoint Foundation 2010 inside out
246 ## - VARYING FORM OF TITLE
Title proper/short title Microsoft Share Point Foundation 2010 inside out
260 ## - PUBLICATION, DISTRIBUTION, ETC. (IMPRINT)
Place of publication, distribution, etc New Delhi
Name of publisher, distributor, etc PHI Learning
Date of publication, distribution, etc 2012
270 ## - ADDRESS
Address M-97, Connaught Circus
City New Delhi
Postal code 110001
300 ## - PHYSICAL DESCRIPTION
Extent xxiv, 760 p. :
Dimensions 24cm(pbk)
Other physical details ill.
490 ## - SERIES STATEMENT
Series statement Inside out
-- 55127
500 ## - GENERAL NOTE
General note Includes index
500 ## - GENERAL NOTE
General note "Includes downloadable e-book"--P. [1] of cover.
650 ## - SUBJECT ADDED ENTRY--TOPICAL TERM
Topical term or geographic name as entry element Intranets (Computer networks)
650 ## - SUBJECT ADDED ENTRY--TOPICAL TERM
Topical term or geographic name as entry element Web servers.
942 ## - ADDED ENTRY ELEMENTS (KOHA)
Source of classification or shelving scheme Dewey Decimal Classification
Item type English Books
Classification part 004.682
Call number suffix MIC
Holdings
Withdrawn status Lost status Not for loan Collection code Home library Current library Date acquired Source of acquisition Cost, normal purchase price Full call number Barcode Copy number Cost, replacement price Koha item type Public note
      Non-fiction Central Library Central Library 15/02/2013 Prabhat Prakashan/L2703/03.01.2013/125/03.01.2013/09.01.2013 795.00 004.682 MIC B-490259 1 795.00 English Books Legal Case (Register 2018)
    Not For Loan Non-fiction D.B.Act.Division D.B.Act.Division 26/03/2012 DBAD/PUB 795.00 004.682 MIC EN-88418 1 795.00 English Books  
      Non-fiction Janak Puri Janak Puri 15/02/2013 Prabhat Prakashan/L2703/03.01.2013/125/03.01.2013/09.01.2013 795.00 004.682 MIC B-490261 1 795.00 English Books  
  Written-off vide DLB M. No. 383 dt 16.05.19   Non-fiction Patel Nagar Patel Nagar 15/02/2013 Prabhat Prakashan/L2703/03.01.2013/125/03.01.2013/09.01.2013 795.00 004.682 MIC B-490260 1 795.00 English Books  
      Non-fiction Sarojini Nagar Sarojini Nagar 15/02/2013 Prabhat Prakashan/L2703/03.01.2013/125/03.01.2013/09.01.2013 795.00 004.682 MIC B-490262 1 795.00 English Books  

© Delhi Public Library
Hit Counter
free hit counter